000 00439nam a22001817a 4500
003 CEME
005 20210628202747.0
008 210204b xxu||||| |||| 00| 0 eng d
020 _a0-89107-593-3
040 _c.
082 _a823 PER
100 _aPeretti, Frank E
_961483
245 _aThe tombs of anak
260 _a1990
_bGREENWOOD
_cUSA
300 _a143P
650 _aENGLISH NOVEL-THE TOMBS OF ANAK
_961484
942 _cBK
_2ddc
999 _c570919
_d570919